000
00269nam a2200133Ia 4500
100
_a
Lippman S.B.
942
_c
BK
654
_a
C++
245
_a
C++ Primer
260
_b
Addison Wesly
_a
New York
_c
1991
082
_a
005.13 'C++'
546
_a
ENGLISH
999
_c
23397
_d
23397